| 000 | 00584nam a22001697a 4500 | ||
|---|---|---|---|
| 003 | NUST | ||
| 038 | _aNusrat Nadeem | ||
| 082 | _a658.3 | ||
| 100 |
_aIqbal, Raheel _9120132 |
||
| 245 |
_aImprovement of Procurement Strategy of Wah Nobel Chemicals Limited through Spend Analysis and Business Process Redesign/ _cRaheel Iqbal |
||
| 264 |
_aIslamabad, _bNBS NUST, _c2023. |
||
| 300 |
_aill: _b31,p: _c30,cm. |
||
| 650 |
_aExecutive MBA _9120079 |
||
| 700 |
_aSupervisor:Dr. Muhammad Moazzam _9120133 |
||
| 856 | _uhttp://10.250.8.41:8080/xmlui/handle/123456789/40639 | ||
| 942 |
_2ddc _cSC |
||
| 999 |
_c607560 _d607560 |
||